[Event "HUN-chT1 Maroczy 2223"]
[Site "Hungary"]
[Date "2023.02.19"]
[Round "6.9"]
[White "Foldes, Marton Gabor"]
[Black "Gyurkovics, Miklos"]
[Result "0-1"]
[WhiteElo "2153"]
[BlackElo "2003"]
[PlyCount "110"]
[EventDate "2022.11.20"]
[EventType "team-tourn"]
[EventRounds "9"]
[EventCountry "HUN"]
[SourceTitle "EXT 2025"]
[Source "ChessBase"]
[SourceDate "2024.10.14"]
[SourceVersion "1"]
[SourceVersionDate "2024.10.14"]
[SourceQuality "1"]
[WhiteTeam "Budapest Kobanya II"]
[BlackTeam "Vasas"]
[WhiteTeamCountry "HUN"]
[BlackTeamCountry "HUN"]

1. e4 g6 2. d4 Bg7 3. Nc3 a6 4. h4 h5 5. a4 d6 6. Be3 Nf6 7. f3 Nc6 8. Bc4 e5 9. Nge2 exd4 10. Nxd4 Ne5 11. Ba2 0-0 12. Qd2 c5 13. Nde2 Be6 14. Nd5 Nxd5 15. exd5 Bd7 16. Nc3 b5 17. Ne4 Qc7 18. 0-0 bxa4 19. c4 Rab8 20. Rab1 Bf5 21. Qc2 Rb4 22. Bd2 Qb6 23. Kh1 Bxe4 24. fxe4 Ng4 25. b3 axb3 26. Bxb3 Qd8 27. g3 a5 28. Bxb4 axb4 29. Rbe1 Be5 30. Qd3 Bd4 31. Qf3 Qd7 32. Kg2 Ra8 33. Re2 Ra3 34. Rb1 Ne5 35. Qf4 Kg7 36. Ra2 Ng4 37. Qf3 Rxa2+ 38. Bxa2 Ne3+ 39. Kh2 Ng4+ 40. Kg2 Nf2 41. g4 hxg4 42. Qg3 Nxe4 43. Qf4 Nc3 44. Rb2 Nxd5 45. cxd5 Bxb2 46. Bb1 Be5 47. Qc4 f5 48. h5 gxh5 49. Qf1 Qf7 50. Qd3 Kg6 51. Qd2 Qf6 52. Qd3 Bf4 53. Bc2 Qe5 54. Qc4 Qe3 55. Bd1 Qe4+ 0-1

[Event "HUN-chT1 Maroczy 2223"]
[Site "Hungary"]
[Date "2023.01.29"]
[Round "4.9"]
[White "Csala, Imre"]
[Black "Gyurkovics, Miklos"]
[Result "1-0"]
[WhiteElo "2040"]
[BlackElo "2005"]
[PlyCount "107"]
[EventDate "2022.11.20"]
[EventType "team-tourn"]
[EventRounds "9"]
[EventCountry "HUN"]
[SourceTitle "EXT 2025"]
[Source "ChessBase"]
[SourceDate "2024.10.14"]
[SourceVersion "1"]
[SourceVersionDate "2024.10.14"]
[SourceQuality "1"]
[WhiteTeam "Kecskemet TLSE"]
[BlackTeam "Vasas"]
[WhiteTeamCountry "HUN"]
[BlackTeamCountry "HUN"]

1. e4 d6 2. d4 Nf6 3. Nc3 e5 4. dxe5 dxe5 5. Qxd8+ Kxd8 6. Bd2 Bd6 7. 0-0-0 Nc6 8. Bc4 Be6 9. Bxe6 fxe6 10. f3 a6 11. g4 Ke7 12. h4 Rhf8 13. Nce2 Nd7 14. h5 Rae8 15. h6 g6 16. Rf1 Kf7 17. Nh3 Kg8 18. Ng5 Nd8 19. Kd1 Nf7 20. Nh3 Nf6 21. Nc1 Rd8 22. Ke2 Rd7 23. Ng5 Nxg5 24. Bxg5 Rdf7 25. Nd3 Nd7 26. Be3 b5 27. Rf2 c5 28. b3 Rb8 29. c4 bxc4 30. bxc4 Rff8 31. Rff1 Kf7 32. Rc1 Rb6 33. Rc3 Rfb8 34. Ra3 Be7 35. g5 Ke8 36. Rd1 R8b7 37. Rd2 Rc6 38. Rd1 Rc8 39. Rxa6 Nb8 40. Rxe6 Kf7 41. Rxe5 Nd7 42. Rd5 Nb6 43. Ne5+ Ke6 44. f4 Nxd5 45. cxd5+ Kd6 46. Nc4+ Kd7 47. e5 Rb4 48. e6+ Ke8 49. d6 Rxc4 50. d7+ Kd8 51. dxc8Q+ Kxc8 52. Rd7 Bd8 53. Rxh7 Re4 54. Rg7 1-0

[Event "HUN-chT1 Maroczy 2223"]
[Site "Hungary"]
[Date "2022.12.04"]
[Round "2.8"]
[White "Szilagyi, Norbert"]
[Black "Gyurkovics, Miklos"]
[Result "1-0"]
[WhiteElo "2133"]
[BlackElo "2005"]
[PlyCount "85"]
[EventDate "2022.11.20"]
[EventType "team-tourn"]
[EventRounds "9"]
[EventCountry "HUN"]
[SourceTitle "EXT 2025"]
[Source "ChessBase"]
[SourceDate "2024.10.14"]
[SourceVersion "1"]
[SourceVersionDate "2024.10.14"]
[SourceQuality "1"]
[WhiteTeam "Debrecen Sakkiskola"]
[BlackTeam "Vasas"]
[WhiteTeamCountry "HUN"]
[BlackTeamCountry "HUN"]

1. e4 c5 2. Nf3 g6 3. c3 Bg7 4. d4 cxd4 5. cxd4 d5 6. e5 Nh6 7. Nc3 0-0 8. Be2 Nc6 9. 0-0 Bg4 10. h3 Bxf3 11. Bxf3 e6 12. g4 f6 13. Bg2 fxe5 14. dxe5 Nxe5 15. Qe2 Qh4 16. f4 Nexg4 17. hxg4 Nxg4 18. Rd1 Kh8 19. Bf3 Nh6 20. Qh2 Qxh2+ 21. Kxh2 Rad8 22. Re1 d4 23. Ne4 Rc8 24. Ng5 Rc2+ 25. Kg1 d3 26. Rd1 Bd4+ 27. Kh1 Nf5 28. Ne4 Rfc8 29. Rb1 h5 30. Bd2 Nh4 31. Bg2 Kg7 32. Bf1 Rxb2 33. Rxb2 Bxb2 34. Rb1 Bd4 35. Rxb7+ Kg8 36. Bxd3 Nf5 37. Kg2 h4 38. Ng5 e5 39. fxe5 Bxe5 40. Rxa7 Bd4 41. Rd7 Bf6 42. Ne4 Bg7 43. a4 1-0

[Event "HUN-chT1 Maroczy 2122"]
[Site "Hungary"]
[Date "2022.04.10"]
[Round "11.11"]
[White "Gyurkovics, Miklos"]
[Black "Kiss, Gergely"]
[Result "0-1"]
[WhiteElo "2082"]
[BlackElo "2080"]
[PlyCount "68"]
[EventDate "2021.10.10"]
[EventType "team-tourn"]
[EventRounds "11"]
[EventCountry "HUN"]
[SourceTitle "EXT 2025"]
[Source "ChessBase"]
[SourceDate "2024.10.14"]
[SourceVersion "1"]
[SourceVersionDate "2024.10.14"]
[SourceQuality "1"]
[WhiteTeam "Vasas"]
[BlackTeam "Debrecen Sakkiskola"]
[WhiteTeamCountry "HUN"]
[BlackTeamCountry "HUN"]

1. c4 c5 2. Nf3 Nf6 3. Nc3 d5 4. cxd5 Nxd5 5. e3 Nc6 6. d4 cxd4 7. exd4 e6 8. Bd3 Be7 9. 0-0 0-0 10. a3 b6 11. Re1 Bb7 12. Nxd5 Qxd5 13. Be4 Qd7 14. Bf4 Rad8 15. Rc1 Bf6 16. Qd3 Nxd4 17. Bxh7+ Kh8 18. Nxd4 Qxd4 19. Qh3 Qxf4 20. Be4+ Qh6 21. Qxh6+ gxh6 22. Bxb7 Bxb2 23. Rc4 Bxa3 24. Ba6 Bc5 25. Rf4 Rd2 26. g4 Kg7 27. h4 Rfd8 28. Kg2 Rb2 29. Re2 Rxe2 30. Bxe2 a5 31. Kf3 Rd2 32. g5 hxg5 33. hxg5 Rd5 34. Bb5 Bd6 0-1

[Event "HUN-chT1 Maroczy 2122"]
[Site "Hungary"]
[Date "2021.11.21"]
[Round "4.9"]
[White "Ruboczki, Tibor"]
[Black "Gyurkovics, Miklos"]
[Result "1/2-1/2"]
[WhiteElo "2036"]
[BlackElo "2043"]
[PlyCount "94"]
[EventDate "2021.10.10"]
[EventType "team-tourn"]
[EventRounds "11"]
[EventCountry "HUN"]
[SourceTitle "EXT 2025"]
[Source "ChessBase"]
[SourceDate "2024.10.14"]
[SourceVersion "1"]
[SourceVersionDate "2024.10.14"]
[SourceQuality "1"]
[WhiteTeam "Nyiregyhaza VSC"]
[BlackTeam "Vasas"]
[WhiteTeamCountry "HUN"]
[BlackTeamCountry "HUN"]

1. d4 d6 2. Nf3 Bg4 3. g3 Bxf3 4. exf3 g6 5. Bg2 Bg7 6. f4 c6 7. 0-0 e6 8. b3 Ne7 9. a4 a5 10. c3 Na6 11. Ba3 0-0 12. Nd2 d5 13. Rc1 Re8 14. Nf3 Nf5 15. Ne5 Rc8 16. Re1 Qb6 17. Bh3 Rcd8 18. Nd3 Qc7 19. Bxf5 exf5 20. Rxe8+ Rxe8 21. Qd2 Qb6 22. Re1 Re4 23. f3 Rxe1+ 24. Qxe1 Qd8 25. Nc5 Nxc5 26. Bxc5 Bf6 27. Kg2 h5 28. Qe2 h4 29. Ba3 Qd7 30. Bc5 Bd8 31. Qe5 Bc7 32. Qe7 Qxe7 33. Bxe7 hxg3 34. hxg3 Kg7 35. Kf2 f6 36. Ke3 Kf7 37. Ba3 Ke6 38. Bc5 Kd7 39. Ba3 Ke6 40. Bc5 Kd7 41. Ba3 Ke8 42. Kd3 Kf7 43. Ke3 b5 44. Bc5 bxa4 45. bxa4 Ke6 46. Kd3 Kd7 47. Ke3 Ke6 1/2-1/2

[Event "HUN-chT1 Maroczy 2122"]
[Site "Hungary"]
[Date "2021.10.31"]
[Round "2.10"]
[White "Gyurkovics, Miklos"]
[Black "Lovas, Daniel"]
[Result "1/2-1/2"]
[WhiteElo "2032"]
[BlackElo "2039"]
[PlyCount "117"]
[EventDate "2021.10.10"]
[EventType "team-tourn"]
[EventRounds "11"]
[EventCountry "HUN"]
[SourceTitle "EXT 2025"]
[Source "ChessBase"]
[SourceDate "2024.10.14"]
[SourceVersion "1"]
[SourceVersionDate "2024.10.14"]
[SourceQuality "1"]
[WhiteTeam "Vasas"]
[BlackTeam "Kecskemet TLSE"]
[WhiteTeamCountry "HUN"]
[BlackTeamCountry "HUN"]

1. c4 c5 2. Nf3 Nf6 3. Nc3 g6 4. e4 d6 5. d4 cxd4 6. Nxd4 Bg7 7. Be2 0-0 8. 0-0 Nc6 9. Be3 Bd7 10. Qd2 Re8 11. Rfd1 Qc8 12. Rac1 Ne5 13. f3 Bc6 14. b4 b6 15. Nd5 Qb7 16. Nxc6 Nxc6 17. Bg5 Rad8 18. Bf1 Nb8 19. g3 Nbd7 20. Bg2 Qb8 21. Kh1 Rc8 22. Be3 Rcd8 23. Qe2 Rc8 24. b5 Nxd5 25. cxd5 Rxc1 26. Rxc1 Nc5 27. Bh3 Qb7 28. Qc4 Ra8 29. Bf1 Qd7 30. Rc2 Rf8 31. h4 h5 32. Kh2 Qe8 33. Bh3 Qa8 34. Bf1 Qe8 35. Rf2 Qc8 36. Bh3 Qb7 37. Rc2 Ra8 38. Bf1 Rf8 39. Bd3 Qd7 40. Bg5 Re8 41. Bf1 Qb7 42. a4 Bf8 43. Be3 Bg7 44. Ra2 Rc8 45. Rc2 Rc7 46. Qa2 Nd7 47. Be2 Qc8 48. Rc6 Ne5 49. Rxc7 Qxc7 50. f4 Nd7 51. Qc4 Qxc4 52. Bxc4 Bc3 53. Kg2 Bb4 54. Kf3 Nc5 55. Bxc5 Bxc5 56. g4 hxg4+ 57. Kxg4 Be3 58. Kf3 Bd2 59. Bf1 1/2-1/2

[Event "HUN-chT2 Maroczy 1819"]
[Site "Hungary"]
[Date "2019.02.24"]
[Round "8.11"]
[White "Gyurkovics, Miklos"]
[Black "Zoltan, Andras"]
[Result "1-0"]
[WhiteElo "2089"]
[BlackElo "1845"]
[PlyCount "63"]
[EventDate "2018.09.23"]
[EventType "team-tourn"]
[EventRounds "11"]
[EventCountry "HUN"]
[SourceTitle "EXT 2020"]
[Source "ChessBase"]
[SourceDate "2019.10.17"]
[SourceVersion "1"]
[SourceVersionDate "2019.10.17"]
[SourceQuality "1"]
[WhiteTeam "Budapest Vasas"]
[BlackTeam "Penzugyor II"]
[WhiteTeamCountry "HUN"]
[BlackTeamCountry "HUN"]

1. d4 d5 2. Nc3 Nf6 3. Bf4 c6 4. e3 e6 5. Bd3 Bd6 6. Nf3 Bxf4 7. exf4 0-0 8. 0-0 Qc7 9. Ne5 Nbd7 10. a4 c5 11. Nb5 Qb8 12. c3 a6 13. Na3 cxd4 14. cxd4 g6 15. Qf3 Nxe5 16. fxe5 Ne8 17. Qg3 Bd7 18. Nc2 f5 19. f4 Qd8 20. Rfc1 Ng7 21. Be2 Rc8 22. a5 Kh8 23. Qb3 Rc7 24. Qb4 Re8 25. Ne1 Rxc1 26. Rxc1 Qb8 27. Kf2 Kg8 28. Nd3 Bb5 29. Nc5 Bxe2 30. Kxe2 Rc8 31. Nd7 Qa8 32. Nb6 1-0

[Event "HUN-chT2 Maroczy 1819"]
[Site "Hungary"]
[Date "2018.10.28"]
[Round "3.11"]
[White "Horvath, Kristof"]
[Black "Gyurkovics, Miklos"]
[Result "0-1"]
[WhiteElo "2015"]
[BlackElo "2089"]
[PlyCount "62"]
[EventDate "2018.09.23"]
[EventType "team-tourn"]
[EventRounds "11"]
[EventCountry "HUN"]
[SourceTitle "EXT 2020"]
[Source "ChessBase"]
[SourceDate "2019.10.17"]
[SourceVersion "1"]
[SourceVersionDate "2019.10.17"]
[SourceQuality "1"]
[WhiteTeam "Lillafured DVTK II"]
[BlackTeam "Budapest Vasas"]
[WhiteTeamCountry "HUN"]
[BlackTeamCountry "HUN"]

1. e4 c5 2. c3 d5 3. exd5 Qxd5 4. d4 g6 5. Nf3 Bg7 6. dxc5 Qxc5 7. Be3 Qc7 8. Be2 Nf6 9. 0-0 0-0 10. Na3 Nc6 11. Nb5 Qb8 12. a4 Ng4 13. Qc1 a6 14. Nbd4 Nxd4 15. Bxd4 e5 16. Be3 Bf5 17. h3 Nxe3 18. Qxe3 Rd8 19. Nd2 b5 20. axb5 axb5 21. Rxa8 Qxa8 22. Nf3 Qb8 23. Ra1 h6 24. b4 Bd7 25. Nd2 Bc6 26. Nb3 e4 27. Na5 Ba8 28. Rc1 Be5 29. Qc5 Rd5 30. Qe7 Kg7 31. Bg4 Bf6 0-1

[Event "Eger Agria op 41th"]
[Site "Eger"]
[Date "2017.07.22"]
[Round "8"]
[White "Juhasz, Bela"]
[Black "Gyurkovics, Miklos"]
[Result "0-1"]
[WhiteElo "2190"]
[BlackElo "2067"]
[PlyCount "62"]
[EventDate "2017.07.17"]
[EventType "swiss"]
[EventRounds "9"]
[EventCountry "HUN"]
[SourceTitle "EXT 2020"]
[Source "ChessBase"]
[SourceDate "2019.10.17"]
[SourceVersion "1"]
[SourceVersionDate "2019.10.17"]
[SourceQuality "1"]

1. d4 d6 2. e4 Nf6 3. Nc3 c6 4. a4 Qa5 5. Bd2 e5 6. dxe5 dxe5 7. Nf3 Bb4 8. h3 0-0 9. Bc4 Na6 10. 0-0 Nc7 11. Re1 Be6 12. Bd3 Rfd8 13. Nb1 Na6 14. Bxb4 Qxb4 15. Qd2 Qxd2 16. Nbxd2 Nb4 17. Re3 Nh5 18. Rd1 f6 19. Bf1 Nf4 20. Kh2 g5 21. g3 Nxh3 22. Bxh3 g4 23. Bg2 gxf3 24. Bxf3 a5 25. b3 Kf7 26. Kg1 Rd6 27. Kf1 Rad8 28. Bh5+ Kf8 29. g4 Bf7 30. g5 Kg7 31. gxf6+ Kxf6 0-1

[Event "Budapest Elekes Memorial"]
[Site "Budapest"]
[Date "2016.07.18"]
[Round "3"]
[White "Vaczi, Imre"]
[Black "Gyurkovics, Miklos"]
[Result "0-1"]
[WhiteElo "2231"]
[BlackElo "2074"]
[PlyCount "56"]
[EventDate "2016.07.16"]
[EventType "swiss"]
[EventRounds "9"]
[EventCountry "HUN"]
[SourceTitle "EXT 2025"]
[Source "ChessBase"]
[SourceDate "2024.10.14"]
[SourceVersion "1"]
[SourceVersionDate "2024.10.14"]
[SourceQuality "1"]

1. e4 c5 2. Nf3 e6 3. d4 cxd4 4. Nxd4 Qb6 5. Nb3 Nc6 6. Be3 Qc7 7. a3 Nf6 8. Nc3 a6 9. f4 d6 10. Be2 Be7 11. Bf3 Rb8 12. 0-0 b5 13. Kh1 Bb7 14. Qe1 Rc8 15. Qg3 0-0 16. f5 Kh8 17. Nd4 Nxd4 18. Bxd4 e5 19. Be3 a5 20. Rac1 b4 21. axb4 axb4 22. Nd5 Bxd5 23. exd5 e4 24. Be2 Nxd5 25. Rfd1 Nxe3 26. Qxe3 Qb7 27. c4 h6 28. b3 Bg5 0-1

[Event "Budapest Karacsonyi 7th"]
[Site "Budapest"]
[Date "2015.12.30"]
[Round "6"]
[White "Yip, Michael"]
[Black "Gyurkovics, Miklos"]
[Result "1-0"]
[WhiteElo "1937"]
[BlackElo "2107"]
[PlyCount "68"]
[EventDate "2015.12.27"]
[EventType "swiss"]
[EventRounds "7"]
[EventCountry "HUN"]
[SourceTitle "CBM 170 Extra"]
[Source "ChessBase"]
[SourceDate "2016.02.25"]
[SourceVersion "1"]
[SourceVersionDate "2016.02.25"]
[SourceQuality "1"]

1. d4 d5 2. Nf3 Bf5 3. c4 c6 4. Nc3 e6 5. cxd5 cxd5 6. Qb3 Qb6 7. Qxb6 axb6 8. e3 Nd7 9. Nh4 Bc2 10. Kd2 Bg6 11. Nxg6 hxg6 12. Bd3 b5 13. Ke2 Ngf6 14. Bd2 b4 15. Nd1 Bd6 16. h3 0-0 17. f3 Nh5 18. Re1 Ng3+ 19. Kf2 f5 20. Kg1 Ra7 21. Bc2 Kh7 22. Nf2 b6 23. e4 fxe4 24. fxe4 dxe4 25. Nxe4 Nxe4 26. Rxe4 Nf6 27. Rxe6 Rd8 28. g4 Bc5 29. dxc5 Rxd2 30. cxb6 Rb7 31. Rc6 Re7 32. b7 Rxb7 33. Re1 Kh6 34. Re5 Rd5 1-0

[Event "Budapest Karacsonyi 7th"]
[Site "Budapest"]
[Date "2015.12.27"]
[Round "1"]
[White "Gyurkovics, Miklos"]
[Black "Kovolgyi, Krisztian"]
[Result "1-0"]
[WhiteElo "2107"]
[BlackElo "1716"]
[PlyCount "55"]
[EventDate "2015.12.27"]
[EventType "swiss"]
[EventRounds "7"]
[EventCountry "HUN"]
[SourceTitle "CBM 170 Extra"]
[Source "ChessBase"]
[SourceDate "2016.02.25"]
[SourceVersion "1"]
[SourceVersionDate "2016.02.25"]
[SourceQuality "1"]

1. c4 e5 2. Nc3 Nf6 3. e3 c6 4. d4 exd4 5. Qxd4 d6 6. Nf3 Nbd7 7. Be2 Be7 8. 0-0 0-0 9. b3 Qb6 10. Bb2 Qb4 11. Rad1 Nb6 12. Ne1 Be6 13. Qf4 Rad8 14. Nd3 Qa5 15. Qg3 Qf5 16. Nf4 Bc8 17. e4 Qa5 18. a3 Nbd7 19. b4 Qc7 20. Ncd5 cxd5 21. Nxd5 Qb8 22. Nxe7+ Kh8 23. Nf5 g6 24. Nxd6 Kg8 25. e5 Ne8 26. c5 a5 27. Bc4 Ng7 28. Qb3 1-0

[Event "Budapest-chT1 Lilienthal 1516"]
[Site "Budapest"]
[Date "2015.09.27"]
[Round "2"]
[White "Molnar, Jozsef"]
[Black "Gyurkovics, Miklos"]
[Result "1-0"]
[WhiteElo "2158"]
[BlackElo "2128"]
[PlyCount "111"]
[EventDate "2015.09.20"]
[EventType "team-tourn"]
[EventRounds "9"]
[EventCountry "HUN"]
[SourceTitle "EXT 2021"]
[Source "ChessBase"]
[SourceDate "2020.10.23"]
[SourceVersion "1"]
[SourceVersionDate "2020.10.23"]
[SourceQuality "1"]
[WhiteTeam "Budapest EAC II"]
[BlackTeam "Budapest Vasas II"]
[WhiteTeamCountry "HUN"]
[BlackTeamCountry "HUN"]

1. e4 c5 2. Nf3 Nc6 3. d4 cxd4 4. Nxd4 Nf6 5. Nc3 e5 6. Ndb5 h6 7. Nd6+ Bxd6 8. Qxd6 Qe7 9. Qxe7+ Kxe7 10. Be3 d6 11. f3 Be6 12. 0-0-0 Rhc8 13. g4 Nb4 14. Kb1 d5 15. a3 d4 16. axb4 dxe3 17. Bd3 a5 18. bxa5 Rxa5 19. Rhe1 b5 20. Nxb5 Ba2+ 21. Kc1 Rb8 22. Nc3 Nd7 23. Rxe3 Nc5 24. Be2 Rb4 25. Rd5 Bc4 26. Bxc4 Rxc4 27. Rxe5+ Kf8 28. Rd5 Ra1+ 29. Kd2 Ne6 30. Ne2 Rh1 31. Rh5 Rf1 32. h4 Rf2 33. Ke1 Rh2 34. c3 Ra4 35. Kd2 g6 36. Rb5 Nf4 37. Rb8+ Kg7 38. e5 Ra1 39. Re4 g5 40. hxg5 hxg5 41. Rb7 Ne6 42. Rb5 Rf1 43. Ke3 Rh3 44. Nd4 Nf4 45. e6 Re1+ 46. Kd2 Rxe4 47. fxe4 fxe6 48. Rxg5+ Kf6 49. Rb5 Rd3+ 50. Kc2 Re3 51. g5+ Kg6 52. Re5 Kf7 53. b4 Re1 54. b5 Ra1 55. b6 Ra8 56. Nc6 1-0

[Event "Elekes Memorial op"]
[Site "Budapest"]
[Date "2015.07.23"]
[Round "6"]
[White "Gyurkovics, Miklos"]
[Black "Marta, Dominik"]
[Result "1-0"]
[WhiteElo "2102"]
[BlackElo "2097"]
[PlyCount "47"]
[EventDate "2015.07.18"]
[EventType "swiss"]
[EventRounds "9"]
[EventCountry "HUN"]
[SourceTitle "EXT 2016"]
[Source "ChessBase"]
[SourceDate "2015.10.08"]
[SourceVersion "1"]
[SourceVersionDate "2015.10.08"]
[SourceQuality "1"]

1. c4 c5 2. Nf3 Nc6 3. Nc3 g6 4. e3 Bg7 5. d4 d6 6. h3 Bf5 7. d5 Ne5 8. Nh4 e6 9. Qa4+ Nd7 10. Nxf5 Bxc3+ 11. bxc3 exf5 12. Rb1 Qc7 13. g4 fxg4 14. hxg4 f5 15. gxf5 gxf5 16. e4 fxe4 17. Bh3 Ngf6 18. Rg1 a6 19. Bg5 Ke7 20. Qxd7+ Qxd7 21. Bxd7 Rhg8 22. Be6 Rg6 23. Rxb7+ Kf8 24. Rf7+ 1-0